| 000 | 00521nam a2200169 i 4500 | ||
|---|---|---|---|
| 001 | 101827 | ||
| 003 | ES-MaACL | ||
| 005 | 20230906183004.0 | ||
| 007 | t| | ||
| 008 | 051026s1962 sp ||||1| spa d | ||
| 100 | 1 |
_aMelville, Harry. _980032 |
|
| 245 | 1 | 0 |
_aMacromoléculas / _cSir Harry Melville; traducido del inglés por el Dr. J. Burgos González. |
| 260 |
_aZaragoza : _bAcribia, _c1962. |
||
| 300 |
_aVIII, 166 p. : _bil. |
||
| 700 | 1 |
_aBurgos González, Justino. _932663 |
|
| 852 |
_aES-MaACL _jC-23700 _bR.52089 |
||
| 999 |
_c101827 _d101827 |
||